<?xml version="1.0" encoding="UTF-8"?><marc:collection xmlns:marc="http://www.loc.gov/MARC21/slim">
  <marc:record>
    <marc:leader>00000cam  2200000zi 4500</marc:leader>
    <marc:controlfield tag="001">9.903033</marc:controlfield>
    <marc:controlfield tag="003">CaOODSP</marc:controlfield>
    <marc:controlfield tag="005">20260113075506</marc:controlfield>
    <marc:controlfield tag="006">m     o  d f      </marc:controlfield>
    <marc:controlfield tag="007">cr cn|||||||||</marc:controlfield>
    <marc:controlfield tag="008">210901t20212021oncbd   ob   f000 0 fre d</marc:controlfield>
    <marc:datafield tag="020" ind1=" " ind2=" ">
      <marc:subfield code="a">9780660402352</marc:subfield>
    </marc:datafield>
    <marc:datafield tag="040" ind1=" " ind2=" ">
      <marc:subfield code="a">CaOODSP</marc:subfield>
      <marc:subfield code="b">fre</marc:subfield>
      <marc:subfield code="e">rda</marc:subfield>
      <marc:subfield code="c">CaOODSP</marc:subfield>
    </marc:datafield>
    <marc:datafield tag="043" ind1=" " ind2=" ">
      <marc:subfield code="a">n-cn-on</marc:subfield>
    </marc:datafield>
    <marc:datafield tag="086" ind1="1" ind2=" ">
      <marc:subfield code="a">Fo123-2/29-2021F-PDF</marc:subfield>
    </marc:datafield>
    <marc:datafield tag="100" ind1="1" ind2=" ">
      <marc:subfield code="a">Krezek-Hanes, C. C., </marc:subfield>
      <marc:subfield code="e">auteur.</marc:subfield>
    </marc:datafield>
    <marc:datafield tag="245" ind1="1" ind2="0">
      <marc:subfield code="a">Approche de définition des classes de la méthode canadienne de l'indice forêt-météo (IFM) fondées sur des données physiques pour l'Ontario / </marc:subfield>
      <marc:subfield code="c">C.C. Hanes, B.M. Wotton, C. McFayden et N. Jurko.</marc:subfield>
    </marc:datafield>
    <marc:datafield tag="264" ind1=" " ind2="1">
      <marc:subfield code="a">Sault Ste. Marie (Ontario) : </marc:subfield>
      <marc:subfield code="b">Ressources naturelles Canada, Service canadien des forêts, Centre de foresterie des Grands Lacs, </marc:subfield>
      <marc:subfield code="c">[2021]</marc:subfield>
    </marc:datafield>
    <marc:datafield tag="264" ind1=" " ind2="4">
      <marc:subfield code="c">©2021</marc:subfield>
    </marc:datafield>
    <marc:datafield tag="300" ind1=" " ind2=" ">
      <marc:subfield code="a">1 ressource en ligne (viii, 39 pages) : </marc:subfield>
      <marc:subfield code="b">cartes, graphiques.</marc:subfield>
    </marc:datafield>
    <marc:datafield tag="336" ind1=" " ind2=" ">
      <marc:subfield code="a">texte</marc:subfield>
      <marc:subfield code="b">txt</marc:subfield>
      <marc:subfield code="2">rdacontent/fre</marc:subfield>
    </marc:datafield>
    <marc:datafield tag="337" ind1=" " ind2=" ">
      <marc:subfield code="a">informatique</marc:subfield>
      <marc:subfield code="b">c</marc:subfield>
      <marc:subfield code="2">rdamedia/fre</marc:subfield>
    </marc:datafield>
    <marc:datafield tag="338" ind1=" " ind2=" ">
      <marc:subfield code="a">ressource en ligne</marc:subfield>
      <marc:subfield code="b">cr</marc:subfield>
      <marc:subfield code="2">rdacarrier/fre</marc:subfield>
    </marc:datafield>
    <marc:datafield tag="490" ind1="1" ind2=" ">
      <marc:subfield code="a">Rapport d'information, </marc:subfield>
      <marc:subfield code="x">2562-0746 ; </marc:subfield>
      <marc:subfield code="v">GLC-X-29</marc:subfield>
    </marc:datafield>
    <marc:datafield tag="500" ind1=" " ind2=" ">
      <marc:subfield code="a">Publié aussi en anglais sous le titre : An approach for defining physically based fire weather index system classes for Ontario.</marc:subfield>
    </marc:datafield>
    <marc:datafield tag="504" ind1=" " ind2=" ">
      <marc:subfield code="a">Comprend des références bibliographiques (pages 38-39).</marc:subfield>
    </marc:datafield>
    <marc:datafield tag="520" ind1="3" ind2=" ">
      <marc:subfield code="a">« Les indices de la Méthode canadienne de l'Indice Forêt-météo (IFM) sont communément communiqués et interprétés à l'aide d'un système de classification (Faible, Modéré, Élevé, Extrême) par les agences de gestion des incendies. Les classes qualitatives ont été élaborées à l'échelle provinciale peu de temps après la mise en oeuvre nationale de la Méthode de l'IFM, en 1969. Les différentes étendues des classes ont été déterminées à l'aide d'une analyse de la fréquence climatologique, fondée sur l'hypothèse que sur 2 % des jours pendant la saison des incendies, les valeurs de l'IFM devraient être dans la catégorie « Extrême », et que la catégorie « Très faible » représentait les jours dont les valeurs de l'IFM sont à 0. Depuis, ces classes ont été intégrées à la gestion des incendies, et sont, par exemple, couramment utilisées dans les activités de sensibilisation et de formation du public, la préparation opérationnelle de haut niveau, les briefings quotidiens, le programme de formation et plusieurs produits de cartographie. L'etendue des classes a peu ou pas changé depuis leur mise en place » -- Résumé, page [1].</marc:subfield>
    </marc:datafield>
    <marc:datafield tag="650" ind1=" " ind2="6">
      <marc:subfield code="a">Temps de feu de forêt</marc:subfield>
      <marc:subfield code="z">Ontario.</marc:subfield>
    </marc:datafield>
    <marc:datafield tag="650" ind1=" " ind2="6">
      <marc:subfield code="a">Forêts</marc:subfield>
      <marc:subfield code="x">Incendies</marc:subfield>
      <marc:subfield code="x">Prévision</marc:subfield>
      <marc:subfield code="z">Ontario.</marc:subfield>
    </marc:datafield>
    <marc:datafield tag="650" ind1=" " ind2="6">
      <marc:subfield code="a">Forêts</marc:subfield>
      <marc:subfield code="x">Incendies</marc:subfield>
      <marc:subfield code="x">Prévention et maîtrise.</marc:subfield>
    </marc:datafield>
    <marc:datafield tag="710" ind1="1" ind2=" ">
      <marc:subfield code="a">Canada. </marc:subfield>
      <marc:subfield code="b">Ressources naturelles Canada, </marc:subfield>
      <marc:subfield code="e">organisme de publication.</marc:subfield>
    </marc:datafield>
    <marc:datafield tag="710" ind1="2" ind2=" ">
      <marc:subfield code="a">Centre de foresterie des Grands Lacs, </marc:subfield>
      <marc:subfield code="e">organisme de publication.</marc:subfield>
    </marc:datafield>
    <marc:datafield tag="775" ind1="0" ind2="8">
      <marc:subfield code="t">An approach for defining physically based fire weather index system classes for Ontario / </marc:subfield>
      <marc:subfield code="w">(CaOODSP)9.903032</marc:subfield>
    </marc:datafield>
    <marc:datafield tag="830" ind1="#" ind2="0">
      <marc:subfield code="a">Rapport d'information (Centre de foresterie des Grands Lacs)</marc:subfield>
      <marc:subfield code="x">2562-0746 ; </marc:subfield>
      <marc:subfield code="v">GLC-X-29.</marc:subfield>
      <marc:subfield code="w">(CaOODSP)9.501979</marc:subfield>
    </marc:datafield>
    <marc:datafield tag="856" ind1="4" ind2="0">
      <marc:subfield code="q">PDF</marc:subfield>
      <marc:subfield code="s">3.29 Mo</marc:subfield>
      <marc:subfield code="u">https://publications.gc.ca/collections/collection_2022/rncan-nrcan/Fo123-2-29-2021-fra.pdf</marc:subfield>
    </marc:datafield>
  </marc:record>
</marc:collection>
